000 00702nam a22002057a 4500
999 _c61832
_d61832
005 20240522165732.0
008 240522s2005 enk||||| |||| 00| 0 eng d
020 _a9780443065927x
041 _aeng
080 _a618.2(084.4) Z-32
100 _a Zarins, Christopher K.
_922158
245 _aAtlas of Vascular Surgery /
_cChristopher K. Zarins, Bruce L. Gewertz.
250 _a2nd Edition
264 _aPhiladelphia :
_bChurchill Livingstone,
_c2005.
300 _a293 p.:
_bill.;
_c28 cm.
653 _aსისხლძარღვთა ქირურგია
653 _aმედიცინა
700 _aGewertz, Bruce L.
_eავტორი
_922159
942 _2udc
_cᲬᲘᲒᲜᲘ